| 000 | 00928cam a22002893a 4500 | ||
|---|---|---|---|
| 001 | 0000728 | ||
| 003 | DO-SdBNP | ||
| 005 | 20171208100749.0 | ||
| 007 | 0000728 | ||
| 008 | 861112 2008 sp ab 000 0 spa d | ||
| 010 | _a | ||
| 020 | _a9972625192 | ||
| 040 |
_aBPMSU _cspa _dBPMSU _d |
||
| 082 | 4 |
_a909 _bH673u |
|
| 245 | 0 | 0 |
_aHistoria universal Lexus / _cdirección editorial Sacramento Nieto |
| 260 | 0 |
_aBarcelona, España : _bLexus, _c2008. |
|
| 300 |
_a1039 p. : _bil., mapa _c27 cm. |
||
| 505 | 2 |
_tPrehistoria -- _tEdad antigua -- _tEdad media -- _tAmérica precolombina -- _tEdad moderna -- _tEdad contemporánea -- _tDiccionario histórico -- |
|
| 600 | 0 | 0 |
_a _x |
| 650 | 4 | _aHISTORIA UNIVERSAL | |
| 650 | 4 |
_aCIVILIZACIÓN _xHISTORIA |
|
| 700 | 1 | 2 |
_aNieto, Sacramento _edir. |
| 910 | _aValidado. Control de calidad MFF | ||
| 942 |
_2ddc _cBK |
||
| 945 | _aInventariado, 2017/MFF | ||
| 956 |
_2YLOCKWARD _310 _8BPMSU |
||
| 999 |
_c11594 _d11594 |
||